|
|
|
|
| LEADER |
00000nab a2200000 a 4500 |
| 001 |
vtls009342150 |
| 003 |
SK-MaSNL |
| 005 |
20260304160431.0 |
| 008 |
250507c2008 xo |||||||||||000 b|slo |
| 015 |
|
|
|a SNBRB2008/10
|2 snkbucl
|
| 035 |
|
|
|a (uuid)2a6f483d-cfd0-4a15-9e65-9f62f174b729
|
| 035 |
|
|
|a urn:nbn:sk:snk-ab13cb
|
| 035 |
|
|
|a (urnnbn)urn:nbn:sk:snk:ar-a03v0y
|
| 038 |
|
|
|a SNKBUCL
|
| 040 |
|
|
|a SNKBUCL
|b slo
|c SNKBUCL
|e AACR2
|
| 041 |
0 |
|
|a slo
|b eng
|b slo
|
| 044 |
|
|
|a xo
|c SK
|
| 080 |
|
|
|a 636.92.087.09
|2 1997
|
| 080 |
|
|
|a 636.92.09:616.993.19-084
|2 1997
|
| 080 |
|
|
|a 591.1
|2 1997
|
| 245 |
0 |
0 |
|a Probiotiká a bakteriocíny - nové možnosti prevencie kokcidióz u králikov
|c M. Simonová ... [et al.]
|
| 300 |
|
|
|b Obr., tab.
|
| 546 |
|
|
|a Res. angl., slov.
|
| 650 |
0 |
7 |
|a králiky
|2 snkbucl
|9 14978
|
| 650 |
0 |
7 |
|a kokcidiózy
|2 snkbucl
|9 250589
|
| 650 |
0 |
7 |
|a prevencia ochorení
|2 snkbucl
|9 69501
|
| 650 |
0 |
7 |
|a probiotiká
|2 snkbucl
|9 16784
|
| 650 |
0 |
7 |
|a bakteriocíny
|2 snkbucl
|9 23406
|
| 700 |
1 |
|
|a Simonová, M.
|4 aut
|9 823491
|
| 700 |
1 |
|
|a Lauková, Andrea,
|d 1958-
|4 aut
|9 10345
|
| 700 |
1 |
|
|a Vasilková, Z.
|4 aut
|9 772281
|
| 700 |
1 |
|
|a Chrastinová, Ľ.
|4 aut
|9 822552
|
| 773 |
0 |
|
|t Slovenský veterinársky časopis = Slovak veterinary journal
|g Roč. XXXIII, č. 4 (2008), s. 248-250
|x 1335-0099
|
| 850 |
|
|
|a Slovenská národná knižnica
|
| 852 |
|
|
|a Slovenská národná knižnica
|
| 954 |
|
|
|a odborná, vedecká literatúra pôvodná (slovenská)
|2 lita
|
| 958 |
|
|
|a article27
|
| 958 |
|
|
|a OND
|
| 958 |
|
|
|a EUIPO
|
| 999 |
|
|
|c 2967113
|d 2969043
|